000 00461nam a2200181Ia 4500
001 1575
005 20260306143738.0
008 260306t2011||||xx |||||||||||||| ||spa||
041 _aESP
082 _a152.4
_bD22
100 _aDamasio, Antonio
_eAUT
245 0 _aEn busca de Spinoza:
_bneurobiología de la emoción y los sentimientos
260 _c2011
300 _a382 páginas :
_c23 cm.
650 _aGEN
654 _aCPS
942 _cLIB
_dJUS
_fJUS
_2ddc
_n
999 _c1575
_d1575